Perspectiva / (Record no. 76804)

MARC details
000 -LEADER
campo de control de longitud fija 00557nam a2200169 i 4500
001 - NÚMERO DE CONTROL
campo de control 76804
003 - IDENTIFICADOR DE NÚMERO DE CONTROL
campo de control ES-MaACL
005 - FECHA Y HORA DE LA ÚLTIMA TRANSACCIÓN
campo de control 20230906172951.0
007 - CAMPO FIJO DE DESCRIPCIÓN FÍSICA--INFORMACIÓN GENERAL
campo de control de longitud fija t|
008 - DATOS DE LONGITUD FIJA--INFORMACIÓN GENERAL
campo de control de longitud fija 041005s1948 sp ||||1| spa d
100 1# - ENTRADA PRINCIPAL--NOMBRE DE PERSONA
Nombre de persona Gull, Erhard.
9 (RLIN) 60929
245 10 - MENCIÓN DEL TÍTULO
Título Perspectiva /
Mención de responsabilidad, etc. Erhard Gull ; versión española de la 3ª edición alemana ; [traducción de Juan Maluquer Wahl].
260 ## - PUBLICACIÓN, DISTRIBUCIÓN, ETC.
Lugar de publicación, distribución, etc. Barcelona :
Nombre del editor, distribuidor, etc. Reverté,
Fecha de publicación, distribución, etc. 1948 (
Fabricante Clarasó)
300 ## - DESCRIPCIÓN FÍSICA
Extensión 90 p., 9 lám. :
Otras características físicas il ;
Dimensiones 26 cm.
700 1# - ENTRADA AGREGADA--NOMBRE PERSONAL
Nombre de persona Maluquer Wahl, Juan J.
9 (RLIN) 75884
852 ## - LOCALIZACIÓN
Ubicación ES-MaACL
Número de control de estantería C-5241
Sublocalización o colección R.25825
Holdings
Estatus retirado Estado de pérdida Estado de daño No para préstamo Biblioteca de origen Biblioteca actual Ubicación en estantería Fecha de adquisición Fuente de adquisición Total de préstamos Signatura topográfica completa Código de barras Visto por última vez Precio de reemplazo Tipo de ítem Koha
        Biblioteca del Ateneo de Madrid Biblioteca del Ateneo de Madrid Sala Palomar 17/01/2008     C-5241 1080363 23/02/2023 23/02/2023 Libro impreso